000 00716cam a22002531 4500
001 29651
005 20220405165403.0
090 _a29651
100 _a20090107d1976 k y0pory5003 ba
304 _aTrad. de: Freud psychanalyse
095 _aPTBN00952181
101 1 _apor
_bfre
_cger
102 _aPT
930 _lBECRE
675 _a159.96
_vBN
_zpor
700 1 _aFreud,
_bSigmund,
_f1856-1939
702 1 _aDreyfus,
_bDina
_4220
998 _aLLE44-247
200 1 _aFreud e os abismos da psique
_etextos seleccionados de Sigmund Freud
_fpor Dina Dreyfus
210 _aLisboa
_cEd. Associados,
_dcop. 1976
215 _a249 p.
_d19 cm
225 2 _aBiblioteca universal unibolso
_v118
801 0 _aPT
_bBN
_gRPC
990 _cLIVROS